Changes to competition law in Poland
Zmeny, ktoré prináša novela poľského súťažného zákona, ktorá nadobudla účinnosť v januári 2015.
Saved in:
| Main Author: | |
|---|---|
| Format: | Book Chapter |
| Language: | English |
| Subjects: | |
| Tags: |
No Tags, Be the first to tag this record!
|
MARC
| LEADER | 00000naa a2200000 4500 | ||
|---|---|---|---|
| 001 | 0200997 | ||
| 005 | 20231128125317.5 | ||
| 041 | 0 | |a eng | |
| 044 | |a CZ | ||
| 245 | 1 | 0 | |a Changes to competition law in Poland |c Marta Skrobisz |
| 520 | |a Zmeny, ktoré prináša novela poľského súťažného zákona, ktorá nadobudla účinnosť v januári 2015. | ||
| 610 | 2 | 0 | |a právo protimonopolné |
| 610 | 2 | 0 | |a Poľsko |
| 610 | 2 | 0 | |a zákony |
| 610 | 2 | 0 | |a koncentrácia |
| 100 | 1 | |a Skrobisz, Marta | |